<?xml version='1.0' encoding='UTF-8'?><?xml-stylesheet href='static/style.xsl' type='text/xsl'?><OAI-PMH xmlns="http://www.openarchives.org/OAI/2.0/" xmlns:xsi="http://www.w3.org/2001/XMLSchema-instance" xsi:schemaLocation="http://www.openarchives.org/OAI/2.0/ http://www.openarchives.org/OAI/2.0/OAI-PMH.xsd"><responseDate>2026-05-02T08:46:43Z</responseDate><request verb="GetRecord" identifier="oai:ebiltegia.mondragon.edu:20.500.11984/5068" metadataPrefix="marc">https://ebiltegia.mondragon.edu/oai/request</request><GetRecord><record><header><identifier>oai:ebiltegia.mondragon.edu:20.500.11984/5068</identifier><datestamp>2024-01-04T21:57:04Z</datestamp><setSpec>com_20.500.11984_1736</setSpec><setSpec>com_20.500.11984_1627</setSpec><setSpec>col_20.500.11984_1972</setSpec></header><metadata><record xmlns="http://www.loc.gov/MARC21/slim" xmlns:dcterms="http://purl.org/dc/terms/" xmlns:xsi="http://www.w3.org/2001/XMLSchema-instance" xmlns:doc="http://www.lyncode.com/xoai" xsi:schemaLocation="http://www.loc.gov/MARC21/slim http://www.loc.gov/standards/marcxml/schema/MARC21slim.xsd">
   <leader>00925njm 22002777a 4500</leader>
   <datafield ind2=" " ind1=" " tag="042">
      <subfield code="a">dc</subfield>
   </datafield>
   <datafield ind2=" " ind1=" " tag="720">
      <subfield code="a">Mondragon Unibertsitatea</subfield>
      <subfield code="e">author</subfield>
   </datafield>
   <datafield ind2=" " ind1=" " tag="260">
      <subfield code="c">2017-10-17</subfield>
   </datafield>
   <datafield ind2=" " ind1=" " tag="520">
      <subfield code="a">Bruno della Chiesa hizkuntzalaria, ikerlaria eta Harvardeko University-ko irakasleak hitzaldia emango du urriaren 23an, astelehenarekin, Eskoriatzako Humanitate eta Hezkuntza Zientzien Fakultatean. Della Chiesa Hezkuntzarako Neurozientziaren bultzatzaile nagusietako bat da. Hitzaldiaren izenburua izango da "Mente, cerebro y educación: el funcionamiento del cerebro en el proceso de enseñanza-aprendizaje", 10:00etan hasiko da, eta aldez aurretik izena eman beharko da Interneten.</subfield>
   </datafield>
   <datafield ind2=" " ind1=" " tag="520">
      <subfield code="a">El lingüista, investigador, profesor de la Universidad de Harvar y experto en Neurociencia Educativa Bruno della Chiesa, dará una conferencia el próximo 23 de octubre, lunes, en el campus de la Facultad de Humanidades y Ciencias de la Educación en Eskoriatza. El acto comenzará a las 10:00 horas y para tomar parte habrá que inscribirse previamente en Internet.</subfield>
   </datafield>
   <datafield ind1="8" ind2=" " tag="024">
      <subfield code="a">https://hdl.handle.net/20.500.11984/5068</subfield>
   </datafield>
   <datafield tag="653" ind2=" " ind1=" ">
      <subfield code="a">Humanitate eta Hezkuntza Zientzien Fakultatea</subfield>
   </datafield>
   <datafield ind2="0" ind1="0" tag="245">
      <subfield code="a">Bruno della Chiesa Hezkuntzarako Neurozientzian adituak hitzaldia emango du Eskoriatzako campusean, urriaren 23an</subfield>
   </datafield>
   <datafield ind2="0" ind1="0" tag="245">
      <subfield code="a">Bruno della Chiesa, experto en Neurociencia Educativa, dará una conferencia el día 23 de octubre en el campus de Eskoriatza</subfield>
   </datafield>
</record></metadata></record></GetRecord></OAI-PMH>